| 000 | 00906nam a2200217 i 4500 | ||
|---|---|---|---|
| 001 | 181276 | ||
| 003 | ES-MaACL | ||
| 005 | 20250627111805.0 | ||
| 008 | 121129s1875 sp |||| | spa d | ||
| 100 | 0 |
_aAimard, Gustave. _918974 |
|
| 245 | 1 | 4 |
_aLos dos rivales _b: (episodio de la revolución mexicana de 1860) / _cpor Gustavo Aimard ; versión por Francisco Nacente. |
| 260 |
_aBarcelona : _bLuis Tasso, _c1875. |
||
| 300 |
_a71 p. : _bil. ; _c29 cm. |
||
| 490 | 1 | _aBiblioteca de El Plus Ultra. Novelas escogidas de Gustavo Aimard | |
| 700 | 1 |
_aOrtiz de la Puebla, Vicente. _987594 |
|
| 830 | 0 |
_aBiblioteca de El Plus Ultra. Novelas escogidas de Gustavo Aimard _9191423 |
|
| 852 |
_aES-MaACL _jFol-Laf-38 _z.- Legado M. de La Fuente |
||
| 856 |
_uhttp://bdh-rd.bne.es/viewer.vm?id=0000298277&page=1 _yVersión en línea _zBiblioteca Digital Hispánica |
||
| 942 | _2udc | ||
| 999 |
_c181276 _d181276 |
||